Nearest capital connect - Statistics

General Stats
  • This quiz has been taken 959 times
    324 since last reset
  • The average score is 134 of 199
Answers on the Map
Answers color-coded by a green-red scale on the quiz's map according to % correct below.
 
Answer Stats
Capital % Correct
Rome
100%
Vatican City
100%
San Marino
97%
Ljubljana
91%
Zagreb
91%
Vienna
89%
Belgrade
88%
Bratislava
88%
Budapest
88%
Kiev
88%
Sarajevo
88%
Sofia
88%
Bucharest
87%
Riga
87%
Tirana
87%
Berlin
86%
Copenhagen
86%
Helsinki
86%
Minsk
86%
Monaco
86%
Oslo
86%
Paris
86%
Podgorica
86%
Prague
86%
Skopje
86%
Stockholm
86%
Tallinn
86%
Vilnius
86%
Algiers
85%
Amsterdam
85%
Bern
85%
Brussels
85%
Chisinau
85%
Lisbon
85%
London
85%
Luxembourg
85%
Madrid
85%
Pristina
85%
Tunis
85%
Vaduz
85%
Andorra la Vella
84%
Ankara
84%
Athens
84%
Beirut
84%
Rabat
84%
Tripoli
84%
Valletta
84%
Cairo
83%
Damascus
83%
Jerusalem
83%
Nicosia
83%
Abu Dhabi
82%
Amman
82%
Baghdad
82%
Kuwait City
82%
Riyadh
82%
Doha
81%
Muscat
81%
Sana'a
81%
Addis Ababa
80%
Djibouti
80%
Manama
79%
Khartoum
77%
Asmara
75%
Juba
74%
Kampala
74%
Kigali
74%
Mogadishu
72%
Nairobi
72%
Antananarivo
71%
Dodoma
70%
Brazzaville
69%
Harare
69%
Kinshasa
69%
Pretoria
69%
Victoria
69%
Windhoek
69%
Bloemfontein
68%
Cape Town
68%
Gitega
68%
Luanda
68%
Lusaka
68%
Maputo
68%
Port Louis
68%
Gaborone
67%
Lilongwe
67%
Moroni
67%
Maseru
66%
Mbabane
66%
São Tomé
66%
Yaoundé
65%
Accra
64%
Dakar
64%
Abuja
63%
Bissau
63%
Freetown
63%
Libreville
63%
Lomé
63%
Monrovia
63%
Ouagadougou
63%
Yamoussoukro
63%
Bamako
62%
Banjul
62%
Conakry
62%
Nouakchott
62%
Praia
62%
Bangui
61%
N'Djamena
61%
Niamey
61%
Porto-Novo
61%
Baku
59%
Bangkok
59%
Dhaka
59%
Hanoi
59%
Islamabad
59%
Jakarta
59%
Kabul
59%
Kathmandu
59%
Kuala Lumpur
59%
Manila
59%
New Delhi
59%
Singapore
59%
Tashkent
59%
Tbilisi
59%
Tehran
59%
Vientiane
59%
Yerevan
59%
Ashgabat
58%
Bandar Seri Begawan
58%
Beijing
58%
Bishkek
58%
Nur-Sultan
58%
Phnom Penh
58%
Pyongyang
58%
Seoul
58%
Taipei
58%
Thimphu
58%
Tokyo
58%
Ulaanbaatar
58%
Dili
57%
Dushanbe
57%
Naypyidaw
57%
Port Moresby
57%
Canberra
55%
Ciudad de la Paz
55%
Dublin
55%
Havana
55%
Kingston
55%
Malé
55%
Moscow
55%
Nassau
55%
Ottawa
55%
Port-au-Prince
55%
Reykjavík
55%
Santo Domingo
55%
Warsaw
55%
Washington
55%
Wellington
55%
Sri Jayawardenepura Kotte
54%
Suva
54%
Tarawa
54%
Apia
53%
Asuncion
53%
Bogotá
53%
Caracas
53%
Funafuti
53%
Guatemala City
53%
Honiara
53%
La Paz
53%
Lima
53%
Mexico City
53%
Panama City
53%
Quito
53%
San José
53%
San Salvador
53%
Sucre
53%
Belmopan
52%
Brasília
52%
Bridgetown
52%
Buenos Aires
52%
Georgetown
52%
Kingstown
52%
Majuro
52%
Montevideo
52%
Ngerulmud
52%
Palikir
52%
Paramaribo
52%
Port of Spain
52%
Roseau
52%
Santiago
52%
St. George's
52%
St. John's
52%
Yaren
52%
Basseterre
51%
Managua
51%
Nukuʻalofa
51%
Port Vila
51%
Tegucigalpa
51%
Castries
50%
No matching quizzes found
Score Distribution
Percent of People with Each Score
Percentile by Number Answered
Your Score History
You have not taken this quiz since the last reset